| 000 | 00617nam a2200193 a 4500 | ||
|---|---|---|---|
| 005 | 20210223125615.0 | ||
| 008 | 050310s19962001mx r 000 0 spa d | ||
| 020 | _a9681903129 | ||
| 035 | _aUPN01000137872 | ||
| 049 | _aCG | ||
| 050 | 4 |
_aPT2665 N2.3 _bE8 |
|
| 100 | 1 |
_aEnde, Michael, _d1929-1995 _930965 |
|
| 245 | 1 | 3 |
_aEl espejo en el espejo : _bun laberinto / _cMichael Ende ; tr. de Anton Dieterich. |
| 260 |
_aMéxico : _bAlfaguara, _c1996 (2001 impr.). |
||
| 300 |
_a261 p. : _bil. |
||
| 534 |
_pTítulo original: _tDer spiegel im speigel : ein labyrinth |
||
| 650 | 4 |
_aCUENTOS ALEMANES _98048 |
|
| 905 | _aLibro | ||
| 999 |
_c110023 _d110023 |
||